CD Leganés Squad 2019-2020 - Statistics

General Stats
  • This quiz has been taken 16 times
  • The average score is 19 of 33
Answer Stats
# Position Nation Player % Correct
22 DF Greece Dimitrios Siovas
91%
1 GK Spain Iván Cuéllar
91%
- Coach Mexico Javier Aguirre
91%
26 FW Morocco Youssef En-Nesyri
91%
5 DF Argentina Jonathan Silva
82%
4 DF Nigeria Kenneth Omeruo
82%
7 FW Denmark Martin Braithwaite
82%
9 FW Spain Miguel Ángel Guerrero
82%
27 MF Spain Óscar Rodríguez
82%
21 MF Spain Rubén Pérez
82%
12 DF Nigeria Chidozie Awaziem
73%
16 DF Venezuela Roberto Rosales
73%
11 FW Argentina Alexander Szymanowski
64%
3 DF Spain Unai Bustinza
64%
23 DF Ukraine Vasyl Kravets
64%
26 FW Spain Bryan Gil
55%
18 FW Argentina Guido Carrillo
55%
24 DF Portugal Kévin Rodrigues
55%
- Coach Argentina Mauricio Pellegrino
55%
20 FW Ivory Coast Roger Assalé
55%
23 MF France Ibrahim Amadou
45%
2 DF Spain Marc Navarro
45%
8 MF Spain Recio
45%
15 DF Spain Rodrigo Tarín
45%
6 MF Spain Roque Mesa
45%
17 MF Spain Javier Eraso
36%
13 GK Spain Juan Soriano
36%
10 FW Spain José Arnaiz
27%
- Coach Spain Luis Cembranos
27%
19 FW Spain Aitor Ruibal
18%
14 MF Spain Christian Rivera
18%
9 FW Spain Sabin Merino
18%
20 MF Argentina Fede Varela
9%
No matching quizzes found
Score Distribution
Percent of People with Each Score
Percentile by Number Answered
Your Score History
You have not taken this quiz